A Nous-M.Pokora, Marc Antoine, Nico Lilliu - Statistiques

Statistiques générales
  • Ce quiz a été pris 27 fois
  • Le résultat moyen est 225 sur 298
Statistiques - réponses
Réponse % Correct
à
100%
A
100%
nous
100%
nous,
100%
Qui
100%
qui
100%
se
94%
ce
88%
de
88%
demain,
88%
et
88%
faut
88%
le
88%
mourir
88%
nos
88%
si
88%
S'il
88%
s'il
88%
belle
82%
est
82%
fin,
82%
ne
82%
on
82%
que
82%
qu'une
82%
rien,
82%
rien
82%
un
82%
une
82%
autant
76%
fois,
76%
il
76%
jour,
76%
pas
76%
pas,
76%
pour
76%
prier
76%
quelqu'un,
76%
qu'il
76%
soit
76%
son
76%
amours,
71%
attendre,
71%
aujourd'hui
71%
Avant
71%
avant
71%
enterre,
71%
faire,
71%
faire
71%
les
71%
meurt
71%
moi,
71%
oh
71%
oh,
71%
partir
71%
passer
71%
peut
71%
plus
71%
prendre,
71%
qu'on
71%
saura,
71%
toi
71%
tour,
71%
verra,
71%
vivra
71%
ceux
65%
choses
65%
ciel
65%
coeurs
65%
jamais
65%
la
65%
mort
65%
n'est
65%
oublie,
65%
personne,
65%
pourquoi
65%
répit,
65%
retards,
65%
s'accorder
65%
tant
65%
tard,
65%
tout
65%
trop
65%
y
65%
aussi,
59%
frères,
59%
puisqu'il
59%
rate,
59%
remet
59%
temps
59%
vient,
59%
battent,
53%
comme
53%
donne,
53%
ensemble,
53%
non,
53%
non.
53%
plaisir
53%
prennent
53%
rattraper
53%
bonheur
47%
doigts,
47%
mordre
47%
s'en
47%
sur
47%
terre,
47%
l'interdit
41%
quitte
41%
d'avoir
35%
essayer,
35%
franchi,
35%
même
35%
pris
35%
regretter,
29%
iii.
24%
l'appel
12%
aha,
0%
aha.
0%
Aucun quiz correspondant
Distribution des résultats
% des personnes avec chaque résultat
Percentile par nombre de réponses
Votre historique - résultats
Vous n’avez pas pris ce quiz